[Event "Olympiad Women 2024"]
[Site "Budapest HUN"]
[Date "2024.09.15"]
[Round "5.29"]
[Board "3"]
[White "Shen, Zhiyuan"]
[Black "Bogantes Robleto, Karina"]
[Result "1/2-1/2"]
[WhiteElo "1969"]
[BlackElo "1766"]
[PlyCount "85"]
[EventDate "2024.09.11"]
[WhiteTeam "Australia"]
[BlackTeam "Costa Rica"]
[WhiteTeamCountry "AUS"]
[BlackTeamCountry "CRI"]

1. e4 c5 2. Nf3 Nc6 3. d4 cxd4 4. Nxd4 g6 5. Nc3 Bg7 6. Be3 Nf6 7. Bc4 Qa5 8. O-O O-O 9. Bb3 d6 10. h3 Bd7 11. Nde2 Rac8 ({RR} 11... Rfc8 12. f4 Be8 13. g4 Nd7 14. a3 Nc5 15. Ba2 Na4 16. b4 Nxc3 17. Nxc3 Qa6 18. b5 Qa5 19. Nd5 Qxb5 20. f5 Qb2 21. c3 Bxc3 22. Rb1 Qxa2 23. Nxc3 Qc4 24. Nd5 Qxe4 {1-0 Belov,V (2589)-Zvjaginsev,V (2674) RUS Cup final 2006 (2)}) 12. f4 a6 13. Ng3 b5 $146 ({RR} 13... Be6 14. Nd5 Bxd5 15. exd5 Nb8 16. c4 Nbd7 17. Bd4 Nc5 18. Bc2 Qb6 19. b3 a5 20. Kh1 Qc7 21. Bg1 Nh5 22. Nxh5 Bxa1 23. Qxa1 gxh5 24. Qd1 f6 25. Qxh5 Rf7 26. Bf5 Rcf8 27. Bxc5 Qxc5 28. Be6 {1-0 Riff,V (2368)-Tikhonov,V (2160) Titled Tue 7th May Late 2024 (4)}) 14. Nd5 Nxd5 15. exd5 Nd8 16. Bd4 Bxd4+ 17. Qxd4 Qc7 18. Rae1 Re8 19. f5 Qc5 20. Qxc5 dxc5 21. c3 Nb7 22. Re2 Nd6 23. fxg6 hxg6 24. Ne4 Nxe4 25. Rxe4 Bf5 26. Ref4 c4 27. Bd1 Bd3 28. R1f2 f5 29. Bf3 Rcd8 30. Rd4 Rd6 31. g4 Kg7 32. gxf5 Bxf5 33. Kg2 e5 34. dxe6 Rdxe6 35. Rfd2 Re3 36. h4 Bd3 37. Rf2 R8e7 38. Rd6 R3e6 39. Rd4 Be4 40. Rfd2 Bxf3+ 41. Kxf3 Re3+ 42. Kf2 R3e6 43. Rd7 1/2-1/2

[Event "Olympiad Women 2024"]
[Site "Budapest HUN"]
[Date "2024.09.15"]
[Round "5.29"]
[Board "4"]
[White "Canales Chinchilla, Victoria"]
[Black "Vincent, Alaina"]
[Result "0-1"]
[WhiteElo "1825"]
[BlackElo "1976"]
[PlyCount "124"]
[EventDate "2024.09.11"]
[WhiteTeam "Costa Rica"]
[BlackTeam "Australia"]
[WhiteTeamCountry "CRI"]
[BlackTeamCountry "AUS"]

1. e4 c5 2. Nf3 e6 3. d4 cxd4 4. Nxd4 a6 5. Bd3 b5 6. O-O Bb7 7. Be3 Qc7 ({RR} 7... Nc6 8. Nd2 Qc7 9. c3 Bd6 10. f4 e5 11. Nxc6 Bxc6 12. Nf3 f6 13. fxe5 fxe5 14. Ng5 Ne7 15. Nf7 Rf8 16. Bc4 Nc8 17. Qh5 g6 18. Qxh7 Bxe4 19. Nxd6+ Qxd6 20. Rad1 Rxf1+ 21. Rxf1 Bf5 22. Qg8+ {1-0 Hnatyshyn,A (2178)-Berke,A (2066) 24th Mediterranean Flower 2024 (4.5)}) 8. Nd2 ({RR} 8. a4 b4 9. Nd2 Nf6 10. N4b3 d5 11. exd5 Nxd5 12. Bd4 Nc6 13. Bc5 Bxc5 14. Nxc5 O-O 15. Nxb7 Qxb7 16. Qh5 g6 17. Qh4 Ne5 18. Ne4 Nxd3 19. cxd3 Qe7 20. Qxe7 Nxe7 21. Rac1 Nd5 22. Rc4 Kg7 {0-1 Avila Rodriguez,J (2247)-Molenda,M (2381) Titled Tue 15th Nov Late 2022 (10)}) 8... Nf6 9. Rc1 d6 $146 ({RR} 9... Nc6 10. Nxc6 Bxc6 11. c4 Qb7 12. f3 Bd6 13. Rf2 O-O 14. c5 Bc7 15. Bd4 Nh5 16. Nf1 Rad8 17. Qc2 Nf4 18. Rd2 f5 19. e5 Bxf3 20. Rf2 Nxd3 21. Qxd3 Be4 22. Qg3 Qd5 23. Qc3 Qb7 24. a3 {½-½ Bui,D-Le,T (1942) VIE-ch Da Lat 2008 (4)}) ({RR} 9... d5 10. exd5 Nxd5 11. Qe2 Bd6 12. h3 O-O 13. N4f3 Nd7 14. c4 Nxe3 15. Qxe3 Bf4 16. cxb5 Qxc1 17. Rxc1 Bxe3 18. Rc7 Bc8 19. Be4 Bxf2+ 20. Kxf2 Rb8 21. bxa6 Bxa6 22. Rxd7 Rxb2 23. Ra7 Bc4 24. a4 {½-½ Koplandi,T-Doma,B (1679) HUN-chT U18 Miskolc 2008 (7.21)}) 10. c4 b4 11. Qa4+ Nbd7 12. Qxb4 Nc5 13. Qc3 Ncxe4 14. Nxe4 Bxe4 15. Bxe4 Nxe4 16. Qc2 Nf6 17. h3 Be7 18. b4 O-O 19. Rfd1 Rfc8 20. Qd3 h6 21. Rc2 Qb7 22. a3 Rc7 23. Rdc1 Rac8 24. f3 Nd7 25. Nb3 Bf8 26. Bf4 e5 27. Be3 d5 28. Na5 Qa8 29. c5 d4 30. Bf2 Be7 31. c6 Nb8 32. Qe4 Bg5 33. Rd1 Nxc6 34. Nxc6 Rxc6 35. Rxc6 Qxc6 36. Qxe5 Bf6 37. Qf5 Rd8 38. g3 g6 39. Qd3 Bg7 40. Rd2 Qe6 41. Kg2 Qd6 42. Rc2 Qd5 43. Rc5 Qa2 44. Rc2 Qe6 45. Re2 Qd5 46. Rd2 Qc6 47. Rc2 Qb5 48. Rd2 Qa4 49. Rc2 Qb5 50. Rd2 Qb7 51. Qe2 Kh7 52. Rd3 Qb5 53. Qd2 Re8 54. Kg1 Rc8 55. Bxd4 Bxd4+ 56. Rxd4 Qf5 57. Qf2 Qxh3 58. Rd1 Rc3 59. Ra1 Qf5 60. f4 Qd3 61. g4 Rc2 62. Qe1 Qf3 0-1

[Event "Olympiad Women 2024"]
[Site "Budapest HUN"]
[Date "2024.09.15"]
[Round "5.30"]
[Board "1"]
[White "Goossens, Hanne"]
[Black "February, Jesse Nikki"]
[Result "0-1"]
[WhiteElo "2189"]
[BlackElo "2013"]
[PlyCount "60"]
[EventDate "2024.09.11"]
[WhiteTeam "Belgium"]
[BlackTeam "South Africa"]
[WhiteTeamCountry "BEL"]
[BlackTeamCountry "RSA"]

1. e4 e6 2. d4 d5 3. exd5 exd5 4. Nf3 Bd6 5. c4 Nf6 6. c5 Be7 7. Bd3 O-O 8. O-O b6 9. Be3 Bg4 10. Nbd2 bxc5 11. dxc5 Nc6 12. Qa4 ({RR} 12. Rc1 Re8 13. h3 Bh5 14. Bb5 d4 15. Bxc6 dxe3 16. fxe3 Rb8 17. Bxe8 Qxe8 18. b3 Nd5 19. Qe1 Bf6 20. e4 Nb4 21. Qg3 Nxa2 22. e5 Nxc1 23. Rxc1 Be7 24. Qf4 Rd8 25. Ne4 Bg6 26. b4 Qa4 {1-0 Adewumi,T (2351)-Rosenberg,E (1982) Titled Tue 19th Mar Late 2024 (3)}) 12... Bd7 13. Qd1 $146 ({RR} 13. Bb5 Qe8 14. Rfe1 Nd8 15. Bxd7 Qxd7 16. Qa6 Ng4 17. b4 Nc6 18. a3 Bf6 19. Rad1 Rae8 20. Bf4 Nd4 21. h3 Qf5 22. Bxc7 Nxf2 23. Kxf2 Re6 24. Rxe6 fxe6 25. Kg1 g5 26. Rf1 Nxf3+ 27. Rxf3 Bd4+ {1-0 Smeets,J (2585)-Vandenbussche,T (2435) Bundesliga 1920 final 2020 (2.3)}) ({RR} 13. Bb5 Qe8 14. Rfe1 a6 15. Bxc6 Bxc6 16. Qa5 Qd8 17. Nd4 Bd7 18. Bf4 Ra7 19. c6 Bc8 20. Nb5 Bb4 21. Qxb4 axb5 22. Qxb5 Be6 23. Nb3 Qa8 24. Nd4 Rb8 25. Qe2 Rxa2 26. Rxa2 Qxa2 27. Nxe6 Rxb2 {1-0 Tregubov,P (2592)-Anikonov,D (2371) Wch Rapid St Petersburg 2018 (12)}) 13... Rb8 14. a3 a5 15. Qc2 h6 16. h3 Qc8 17. Rab1 Be6 18. Nb3 Rxb3 19. Qxb3 d4 20. Qc2 dxe3 21. fxe3 Rd8 22. Rbc1 Qb7 23. Qe2 Rb8 24. Rc2 Bb3 25. Rcc1 Bd5 26. e4 Be6 27. Rc2 Nd7 28. Qf2 Qb3 29. Nd4 Nxd4 30. Qxd4 Qxc2 0-1

[Event "Olympiad Women 2024"]
[Site "Budapest HUN"]
[Date "2024.09.15"]
[Round "5.30"]
[Board "2"]
[White "Badenhorst, Chloe"]
[Black "Vanduyfhuys, Daria"]
[Result "0-1"]
[WhiteElo "1981"]
[BlackElo "2112"]
[PlyCount "74"]
[EventDate "2024.09.11"]
[WhiteTeam "South Africa"]
[BlackTeam "Belgium"]
[WhiteTeamCountry "RSA"]
[BlackTeamCountry "BEL"]

1. d4 Nf6 2. Nf3 e6 3. Bf4 d5 4. e3 c5 5. Nbd2 Nc6 6. c3 Bd6 7. Bg3 O-O 8. Bd3 b6 9. e4 dxe4 10. Nxe4 Nxe4 11. Bxe4 Bb7 12. Qa4 Rc8 13. dxc5 Bxg3 14. hxg3 f5 15. Bc2 bxc5 16. Rd1 ({RR} 16. Bb3 Kh8 17. Qf4 Qf6 18. O-O-O c4 19. Qxc4 Ne5 20. Qh4 Qxh4 21. Nxh4 g5 22. Ng6+ Nxg6 23. Rd7 Rf6 24. Rhxh7+ Kg8 25. Rxb7 a5 26. Rbg7+ {1-0 Koelle,T (2470)-Saryyev,A (1999) 61st World Juniors 2024 (7.12)}) 16... Qe7 17. O-O $146 ({RR} 17. g4 Rcd8 18. Rxd8 Nxd8 19. Qf4 Bxf3 20. Qxf3 Qg5 21. gxf5 exf5 22. Qd5+ Kh8 23. O-O Qf6 24. Re1 Nf7 25. Qxf5 Qxf5 26. Bxf5 Nd6 27. Bd3 Re8 28. Kf1 Kg8 29. Rxe8+ Nxe8 30. b4 cxb4 31. cxb4 h6 {1-0 Kannenberg,K (2214)-Szabo,M (2067) Bayern-chI Bank Hofmann 20th 2016 (6)}) ({RR} 17. g4 Rcd8 18. Rxd8 Rxd8 19. Bb3 Qf6 20. g5 Qe7 21. O-O Nd4 22. Nxd4 cxd4 23. Qxa7 d3 24. Qe3 Kf7 25. Rd1 Ba6 26. Rd2 Qd6 27. Kf1 Qc6 28. Qe5 Bc4 29. Bd1 Bxa2 30. b3 Bb1 31. c4 Bc2 {½-½ Neuberger,G (2246)-Scheiblmaier,R (2177) AUT-chT2W 1920 2019 (4.2)}) 17... e5 18. Bb3+ Kh8 19. Nd2 Ba8 20. Nc4 Rcd8 21. Ne3 f4 22. Nd5 Qg5 23. Qe4 Ne7 24. gxf4 Qh4 25. Qxe5 Nxd5 26. Bxd5 Rfe8 27. Qf5 g6 28. Qf7 Re7 29. g3 Rxf7 30. gxh4 Rxd5 31. Rde1 Bc6 32. Re6 Bb5 33. Rfe1 Rxf4 34. Re7 Rg4+ 35. Kh2 Rh5 36. R1e3 Bf1 37. Rg3 Rgxh4+ 0-1

[Event "Olympiad Women 2024"]
[Site "Budapest HUN"]
[Date "2024.09.15"]
[Round "5.30"]
[Board "3"]
[White "De Rycke, Tyani"]
[Black "Nel, Hayley"]
[Result "1-0"]
[WhiteElo "2110"]
[BlackElo "1753"]
[PlyCount "83"]
[EventDate "2024.09.11"]
[WhiteTeam "Belgium"]
[BlackTeam "South Africa"]
[WhiteTeamCountry "BEL"]
[BlackTeamCountry "RSA"]

1. e4 c6 2. d4 d5 3. Nc3 dxe4 4. Nxe4 Nd7 5. Bd3 Ngf6 6. Nxf6+ Nxf6 7. Ne2 ({RR} 7. c3 Bg4 8. Qb3 Qd7 9. Ne2 e5 10. f3 Be6 11. Qc2 exd4 12. Nxd4 O-O-O 13. Bg5 Bc5 14. O-O-O Bxd4 15. Be4 Nxe4 16. Qxe4 Qd5 17. Bxd8 Qxe4 18. fxe4 Be3+ 19. Kc2 Rxd8 20. Rxd8+ Kxd8 21. b3 Bf4 {0-1 Sviridov,V (2562)-Maletin,P (2586) Barnaul Kura Memorial rapid 2021 (5)}) 7... Bf5 ({RR} 7... Bg4 8. c3 e6 9. O-O Be7 10. Qc2 Bh5 11. Ng3 Bg6 12. Bxg6 hxg6 13. h3 O-O 14. Bd2 Qc7 15. Bg5 Rfd8 16. Bxf6 gxf6 17. Rfe1 Kg7 18. Rad1 c5 19. dxc5 Bxc5 20. Ne4 Be7 21. c4 Rac8 22. Rxd8 {½-½ Chen,Z-Wang,Z (1479) Chinese Youth U16 2024 (3.18)}) 8. O-O Bxd3 9. Qxd3 g6 $146 ({RR} 9... e6 10. Bg5 Be7 11. Rad1 Qa5 12. Bxf6 Bxf6 13. Qc4 O-O 14. Ng3 Qd5 15. Qxd5 cxd5 16. Nh5 Be7 17. Nf4 b5 18. Rd3 b4 19. Ne2 Rfc8 20. c3 Rab8 21. b3 bxc3 22. Rc1 Bb4 23. Rc2 a5 24. Kf1 {0-1 Kuenzner,F (2300)-Arkell,K (2455) Isle of Man op 1993}) ({RR} 9... e6 10. c4 g6 11. Bd2 Bg7 12. Bb4 a5 13. Ba3 Bf8 14. Bxf8 Kxf8 15. Rad1 Kg7 16. Nc3 Qc7 17. Ne4 Nxe4 18. Qxe4 Rhd8 19. Rd3 a4 20. Rfd1 Ra5 21. g3 Rf5 22. Kg2 h5 23. Rf3 Rxf3 24. Qxf3 {0-1 Radzhabov,R (2366)-Pridorozhni,A (2593) Urals-ch 77th 2019 (4)}) 10. Bf4 Bg7 11. Rad1 O-O 12. c4 Qa5 13. Be5 b5 14. a3 Rfd8 15. Rc1 Nd7 16. Bxg7 Kxg7 17. Qe4 Nb6 18. cxb5 cxb5 19. Qe5+ Kg8 20. Nc3 Nc4 21. Qxe7 Rxd4 22. Qc5 Rdd8 23. b4 Qb6 24. Nxb5 Nd6 25. Nxd6 Rxd6 26. g3 Rd3 27. a4 Qb7 28. Rfd1 Rxd1+ 29. Rxd1 Rc8 30. Qd4 Qf3 31. Qd3 Qg4 32. Qd7 Qc4 33. Rd4 Qc1+ 34. Kg2 Qc3 35. b5 Qc7 36. a5 Qb8 37. b6 axb6 38. axb6 Kg7 39. Rf4 Rf8 40. b7 Qd8 41. Rxf7+ Kh6 42. Qh3+ 1-0

[Event "Olympiad Women 2024"]
[Site "Budapest HUN"]
[Date "2024.09.15"]
[Round "5.30"]
[Board "4"]
[White "Strong, Davida"]
[Black "Musabayeva, Diana"]
[Result "0-1"]
[WhiteElo "1733"]
[BlackElo "1911"]
[PlyCount "36"]
[EventDate "2024.09.11"]
[WhiteTeam "South Africa"]
[BlackTeam "Belgium"]
[WhiteTeamCountry "RSA"]
[BlackTeamCountry "BEL"]

1. d4 Nf6 2. c4 e6 3. Nc3 Bb4 4. Qc2 d5 5. cxd5 exd5 6. Bf4 c6 7. e3 O-O 8. Bd3 Re8 9. Nf3 ({RR} 9. Nge2 Nbd7 10. O-O Nf8 11. a3 Bd6 12. b4 Ne6 13. Bg3 a6 14. Rfd1 g6 15. Rab1 Bxg3 16. Nxg3 h5 17. a4 h4 18. Nf1 h3 19. g3 Ng5 20. f4 Nge4 21. Nxe4 Nxe4 22. b5 cxb5 23. axb5 a5 {½-½ Knaak,R (2441)-Meissner,F (2382) 11th Arber Open 2024 (9.1)}) 9... Nbd7 10. a3 Be7 11. Ng5 $146 ({RR} 11. O-O Nf8 12. h3 Ng6 13. Bg5 Be6 14. Rad1 Nd7 15. Bxe7 Qxe7 16. e4 dxe4 17. Nxe4 Nf4 18. Neg5 h6 19. Nxe6 Qxe6 20. Bh7+ Kh8 21. Bf5 Qd6 22. Bxd7 Qxd7 23. Ne5 Qd5 24. f3 Kg8 25. Rfe1 Ne6 {0-1 Lozano Cedeno,J (1790)-Principe,G (2130) Pan American-ch U20 2011 (1)}) ({RR} 11. O-O Nf8 12. h3 Ng6 13. Bh2 Bd6 14. Bxd6 Qxd6 15. b4 a5 16. Rab1 Bd7 17. Na4 Ne4 18. Nc5 Qe7 19. Bxe4 dxe4 20. Ne5 Nxe5 21. dxe5 Bc8 22. Qxe4 Qxe5 23. Qxe5 Rxe5 24. Rbd1 Re8 {½-½ Daneshvar,B (2311)-Pourramezanali,A (2488) Moscow op-A 16th 2020 (2)}) 11... h6 12. Bh7+ Kf8 13. Nxf7 Kxf7 14. Qg6+ Ke6 15. Bg3 Bd6 16. f4 Nf8 17. f5+ Kd7 18. Qxg7+ Re7 0-1

[Event "Olympiad Women 2024"]
[Site "Budapest HUN"]
[Date "2024.09.15"]
[Round "5.31"]
[Board "1"]
[White "Castillo Beitia, Ashley Alexandra"]
[Black "Martynkova, Olena"]
[Result "1/2-1/2"]
[WhiteElo "2071"]
[BlackElo "2176"]
[PlyCount "60"]
[EventDate "2024.09.11"]
[WhiteTeam "Panama"]
[BlackTeam "Lithuania"]
[WhiteTeamCountry "PAN"]
[BlackTeamCountry "LTU"]

1. d4 Nf6 2. Bf4 g6 3. e3 Bg7 4. Nf3 O-O 5. h3 d6 6. Be2 Nc6 7. c4 ({RR} 7. Bh2 Nd7 8. a4 e5 9. a5 exd4 10. exd4 a6 11. O-O Re8 12. Nc3 Nf6 13. Re1 h6 14. d5 Ne7 15. Bf1 Nf5 16. Rxe8+ Qxe8 17. Qd2 Bd7 18. Re1 Qf8 19. b4 Re8 20. Rb1 Bc8 21. b5 axb5 {½-½ Carlsen,M (2850)-Aronian,L (2784) Wch Blitz 9th 2015 (7)}) 7... Ne4 ({RR} 7... e5 8. Bh2 Ne4 9. O-O Qe7 10. Re1 Kh8 11. Bf1 f5 12. Nbd2 Nxd2 13. Qxd2 g5 14. d5 Nb8 15. Bg3 a5 16. Rac1 Nd7 17. b3 Nc5 18. Qd1 Bd7 19. a3 Bf6 20. Nd2 Qg7 21. Qh5 Be8 22. Qf3 {0-1 Milner,R (1803)-Novkovic,J (2103) Bodensee Open 2024 (6.20)}) 8. Nc3 f5 $146 ({RR} 8... Nxc3 9. bxc3 e5 10. Bg3 e4 11. Nd2 Qe7 12. O-O Bh6 13. Nb3 f5 14. c5 f4 15. exf4 Bxf4 16. Bg4 Bxg3 17. fxg3 Rxf1+ 18. Qxf1 Bxg4 19. hxg4 Rf8 20. Qe2 d5 21. a4 Qg5 22. a5 a6 23. Nd2 {0-1 Mugosa,S (2012)-Maloberti,D (2148) EU-ch Amateur U2300 2018 (6)}) 9. Bh2 e5 10. O-O exd4 11. exd4 Ng5 12. Nb5 Nxf3+ 13. Bxf3 a6 14. Bxc6 bxc6 15. Nc3 Rb8 16. Qd2 Qf6 17. Rad1 f4 18. f3 g5 19. Kh1 Bf5 20. Bg1 Rfe8 21. Rfe1 Qf7 22. b3 Bg6 23. Bf2 h6 24. Kg1 Rbd8 25. Qc1 Qf5 26. Qd2 Qc2 27. Qxc2 Bxc2 28. Rc1 Bf5 29. Red1 Kf7 30. Kf1 Rb8 1/2-1/2

[Event "Olympiad Women 2024"]
[Site "Budapest HUN"]
[Date "2024.09.15"]
[Round "5.31"]
[Board "2"]
[White "Limontaite, Simona"]
[Black "Chung Hurtado, Yaleika"]
[Result "1-0"]
[WhiteElo "2177"]
[BlackElo "1832"]
[PlyCount "99"]
[EventDate "2024.09.11"]
[WhiteTeam "Lithuania"]
[BlackTeam "Panama"]
[WhiteTeamCountry "LTU"]
[BlackTeamCountry "PAN"]

1. d4 d5 2. c4 e6 3. Nc3 a6 4. e3 dxc4 5. Bxc4 b5 6. Bb3 Bb7 7. Nf3 Nf6 8. O-O c5 9. Qe2 Nbd7 10. Rd1 Qb8 11. d5 exd5 12. Nxd5 Nxd5 13. Bxd5 Bxd5 14. Rxd5 Nf6 ({RR} 14... Qb7 15. Rg5 g6 16. e4 Bg7 17. e5 Nf8 18. a4 Rb8 19. axb5 axb5 20. e6 Nxe6 21. Rxc5 O-O 22. Rc2 b4 23. Be3 b3 24. Rd2 Rfd8 25. h3 Qe4 26. Rad1 Rxd2 27. Qxd2 Bf6 28. Qd3 Qa4 29. Qe2 {1-0 Nikolic,P (2635)-Seirawan,Y (2600) Olympiad-30 Manila 1992 (8.1)}) 15. Rd1 $146 ({RR} 15. e4 Be7 16. Rd1 O-O 17. e5 Ne8 18. Be3 Nc7 19. Rd7 Re8 20. Bg5 Bd8 21. Qd3 Ne6 22. Qf5 Bxg5 23. Qxf7+ Kh8 24. Nxg5 Qxe5 25. Qxe8+ {1-0 Christensen,B-Jorgensen,P (2310) DEN-chT 8990 1989 (3)}) ({RR} 15. Re5+ Be7 16. a4 Nd7 17. Rh5 g6 18. Rh3 b4 19. b3 Bf6 20. Bb2 Qb6 21. Rd1 Rd8 22. e4 Bxb2 23. Qxb2 O-O 24. Ng5 Qf6 25. Qc1 h5 26. Rhd3 Ne5 27. Rd5 Rxd5 28. Rxd5 Ng4 29. f3 Ne5 {0-1 Begunov,K (2325)-Geldyeva,M (2139) Titled Tuesday intern op 18th Jan blitz 2022 (7)}) 15... Be7 16. a4 O-O 17. axb5 Qxb5 18. Qc2 Rfd8 19. Bd2 Qd3 20. Qxd3 Rxd3 21. Ne5 Rd5 22. Nc6 Bf8 23. Be1 Rxd1 24. Rxd1 Rc8 25. Na5 Rb8 26. Nc4 Be7 27. f3 Rd8 28. Ra1 Ra8 29. e4 Ne8 30. Bg3 f6 31. Nb6 Ra7 32. Nc8 Rb7 33. Nxe7+ Rxe7 34. Rxa6 Rb7 35. Ra2 Kf7 36. Kf1 g6 37. Bf2 c4 38. Ra7 Rxa7 39. Bxa7 Nd6 40. Bd4 Nb5 41. Bc3 Ke6 42. Ke2 f5 43. Ke3 g5 44. exf5+ Kxf5 45. g4+ Ke6 46. Ke4 h5 47. gxh5 Nd6+ 48. Kd4 Nf5+ 49. Kxc4 Nh4 50. h6 1-0

[Event "Olympiad Women 2024"]
[Site "Budapest HUN"]
[Date "2024.09.15"]
[Round "5.31"]
[Board "3"]
[White "Vasquez Jaen, Lourdes Lorena"]
[Black "Simkunaite, Gabija"]
[Result "1/2-1/2"]
[WhiteElo "1821"]
[BlackElo "2005"]
[PlyCount "92"]
[EventDate "2024.09.11"]
[WhiteTeam "Panama"]
[BlackTeam "Lithuania"]
[WhiteTeamCountry "PAN"]
[BlackTeamCountry "LTU"]

1. e4 e5 2. Nf3 Nf6 3. d3 Nc6 4. g3 d6 5. Bg2 Bg4 6. c3 ({RR} 6. h3 Bh5 7. g4 Bg6 8. Nc3 Nd7 9. Be3 f6 10. Nh4 Bf7 11. Nf5 h5 12. Qd2 h4 13. d4 g6 14. d5 Ncb8 15. O-O gxf5 16. exf5 Nb6 17. b3 c6 18. Rad1 Be7 19. a4 Qd7 20. dxc6 bxc6 {½-½ Satyapragyan,S (2406)-Karthikeyan,P (2327) IND-ch Velammal 45th 2008 (13)}) ({RR} 6. h3 Be6 7. Nc3 h6 8. d4 exd4 9. Nxd4 Nxd4 10. Qxd4 Be7 11. Be3 Nd7 12. O-O-O Bf6 13. Qd2 Ne5 14. b3 Nc6 15. Kb1 O-O 16. f4 a5 17. a4 Nb4 18. Nb5 Qc8 19. g4 Ra6 20. Qe2 Bd7 {0-1 Shohat,Y (2302)-Badelka,O (2428) 23rd ch-EUR Indiv 2023 (10.113)}) 6... Qd7 7. h3 $146 ({RR} 7. Nbd2 Be7 8. Nf1 Bh3 9. Bxh3 Qxh3 10. Ne3 O-O 11. Nf5 d5 12. Qe2 dxe4 13. dxe4 Bc5 14. Bg5 Ng4 15. Rf1 g6 16. N5h4 Nxh2 17. Nxh2 Qxh2 18. O-O-O Bb6 19. Bf6 Qh3 20. Kb1 Qe6 21. Qf3 Bc5 {½-½ Caruso,D-Bellemo,L Conca della Presolana op 6th 1984}) ({RR} 7. O-O h6 8. Re1 O-O-O 9. Qa4 a6 10. d4 exd4 11. cxd4 Kb8 12. Nc3 Bh3 13. b4 Bxg2 14. Kxg2 g5 15. Rb1 g4 16. Nd2 Nxd4 17. b5 Nxb5 18. Rxb5 axb5 19. Nxb5 Qc6 20. Qa7+ Kc8 21. Qa4 Qa6 {0-1 Lacina,V-Linhart,Z (1945) Chrudim op 2001}) 7... Bxf3 8. Qxf3 Be7 9. Nd2 Rd8 10. Nc4 d5 11. exd5 Nxd5 12. O-O Nb6 13. Re1 Nxc4 14. dxc4 O-O 15. Be3 Qe6 16. Qe2 Kh8 17. Kh2 f5 18. Bd4 e4 19. Rad1 Nxd4 20. Rxd4 Rxd4 21. cxd4 Bf6 22. d5 Qb6 23. f3 Be5 24. fxe4 f4 25. gxf4 Rxf4 26. Kh1 Qg6 27. Rf1 Qg3 28. Rxf4 Qxf4 29. Bf1 g5 30. Qg2 Kg7 31. b3 h6 32. Be2 b6 33. Bf1 Kg6 34. Be2 h5 35. Bd1 a5 36. Be2 Kh6 37. Bd1 Kg6 38. Be2 Kh6 39. Bd1 Bd6 40. Be2 Kg6 41. Bd1 h4 42. Be2 Kh6 43. Bd1 Kg7 44. Be2 Be5 45. Bd1 Qe3 46. Qg4 Bf6 1/2-1/2

[Event "Olympiad Women 2024"]
[Site "Budapest HUN"]
[Date "2024.09.15"]
[Round "5.31"]
[Board "4"]
[White "Sibajeva, Marija"]
[Black "Caicedo Rios, Layla Yasmira"]
[Result "1-0"]
[WhiteElo "2007"]
[BlackElo "1803"]
[PlyCount "47"]
[EventDate "2024.09.11"]
[WhiteTeam "Lithuania"]
[BlackTeam "Panama"]
[WhiteTeamCountry "LTU"]
[BlackTeamCountry "PAN"]

1. e4 c5 2. Nf3 d6 3. d4 cxd4 4. Nxd4 Nf6 5. Nc3 a6 6. h3 e5 7. Nb3 Be6 8. f4 Nc6 ({RR} 8... Nbd7 9. f5 Bxb3 10. axb3 d5 11. exd5 Bb4 12. Bd2 O-O 13. Be2 Bc5 14. Bg5 h6 15. Bh4 b5 16. Qd2 Qb6 17. d6 Bd4 18. Rf1 Rac8 19. Bf2 Bxf2+ 20. Rxf2 b4 21. Nd5 Nxd5 22. Qxd5 Rxc2 23. Kf1 {½-½ Sindarov,J (2674)-Sarana,A (2717) CrunchLabs Masters PlayIn 2024 (7)}) 9. Be2 ({RR} 9. f5 Bxb3 10. axb3 d5 11. exd5 Nb4 12. Be3 Nbxd5 13. Nxd5 Nxd5 14. Bf2 Bb4+ 15. c3 Nxc3 16. bxc3 Bxc3+ 17. Ke2 Bxa1 18. Qxa1 O-O 19. Be3 Qd5 20. Qd1 Qe4 21. Qd3 Qh4 22. Kf3 e4+ 23. Qxe4 Qf6 {1-0 Zienkiewicz,J (2149)-Sebag,M (2441) French Open Blitz 2024 (12.6)}) 9... exf4 10. Bxf4 d5 $146 ({RR} 10... Be7 11. O-O Ne5 12. Kh1 O-O 13. Qd2 Rc8 14. Rad1 b5 15. Qe3 Qc7 16. Bxe5 dxe5 17. Nd5 Bxd5 18. exd5 Qxc2 19. d6 Bd8 20. Rc1 Bb6 21. Qxb6 Qxe2 22. Rcd1 Rc2 23. Rg1 Ne4 24. d7 Nf2+ 25. Kh2 {1-0 Nayem,H (2031)-Garcia Blanco,O (2359) Titled Tuesday intern op 01st Sept blitz 2020 (5)}) ({RR} 10... Ne5 11. O-O Be7 12. Kh1 O-O 13. Nd4 Qc8 14. Nxe6 Qxe6 15. Bxe5 dxe5 16. Qe1 Bb4 17. a3 Bxc3 18. Qxc3 Nxe4 19. Qf3 Nf6 20. Qg3 Rac8 21. c3 Rfe8 22. Rad1 Rcd8 23. Qe3 Rxd1 24. Rxd1 Qc6 25. Bf3 {0-1 Saypuri,S (2145)-Montano Vicente,G (1734) Titled Tue 15th Aug Early 2023 (10)}) 11. exd5 Nxd5 12. Nxd5 Qxd5 13. Qxd5 Bxd5 14. O-O Be7 15. Rad1 Be6 16. Bf3 O-O 17. Bxc6 bxc6 18. Bd6 Rfe8 19. Bxe7 Rxe7 20. Rd6 Rc7 21. Nc5 Bc4 22. Rf4 Bxa2 23. b3 Re8 24. Rf1 1-0

[Event "Olympiad Women 2024"]
[Site "Budapest HUN"]
[Date "2024.09.15"]
[Round "5.32"]
[Board "1"]
[White "Samaganova, Aleksandra"]
[Black "De Blecourt, Sandra"]
[Result "0-1"]
[WhiteElo "1948"]
[BlackElo "2065"]
[PlyCount "94"]
[EventDate "2024.09.11"]
[WhiteTeam "Kyrgyzstan"]
[BlackTeam "Denmark"]
[WhiteTeamCountry "KGZ"]
[BlackTeamCountry "DEN"]

1. c4 c5 2. Nc3 Nc6 3. g3 g6 4. Bg2 Bg7 5. e4 d6 6. d3 e6 7. Nge2 Nge7 8. O-O O-O 9. a3 b6 10. Rb1 Bb7 11. b4 Qd7 12. Be3 Nd4 13. f4 ({RR} 13. Kh1 Rfd8 14. f4 Nxe2 15. Nxe2 Rac8 16. Qb3 f5 17. Rfe1 Kh8 18. Rbd1 Bc6 19. Rc1 Ng8 20. Nc3 Nf6 21. Bg1 Re8 22. Qa2 e5 23. fxe5 Rxe5 24. exf5 Bxg2+ 25. Qxg2 Rxe1 26. Rxe1 Qxf5 27. Ne4 Nxe4 {½-½ Miezis,N (2579)-Jankovic,A (2540) Dubai op 11th 2009 (8)}) 13... f5 14. Bf2 Nec6 $146 ({RR} 14... Rac8 15. Nxd4 cxd4 16. Nb5 fxe4 17. Bxd4 Bxd4+ 18. Nxd4 e5 19. Nb5 a6 20. Nc3 exf4 21. Nxe4 d5 22. Ng5 fxg3 23. hxg3 Nf5 24. Qg4 dxc4 25. Bxb7 Qxb7 26. dxc4 Qc6 27. Qh3 h6 28. g4 Qf6 29. gxf5 {0-1 Hoefelsauer,T (2252)-Rogozenco,D (2507) Bargteheide op 2013 (6)}) ({RR} 14... Rad8 15. Nxd4 cxd4 16. Nb5 Nc6 17. a4 e5 18. fxe5 dxe5 19. exf5 gxf5 20. Bd5+ Kh8 21. g4 a6 22. Na3 e4 23. gxf5 e3 24. Bh4 Bf6 25. Bxf6+ Rxf6 26. Qh5 Ne5 27. Qh4 Qg7+ 28. Qg3 Bxd5 29. cxd5 {0-1 Dudzinski,P (2186)-Shankland,S (2710) Titled Tue 28th Mar Late 2023 (2)}) ({RR} 14... Rae8 15. Nxd4 cxd4 16. Ne2 e5 17. a4 Kh8 18. a5 Ng8 19. Bh3 Qc7 20. axb6 axb6 21. fxe5 dxe5 22. Qc2 Nf6 23. Bg2 Ng4 24. h3 Nxf2 25. Rxf2 Bh6 26. Kh2 Be3 27. Rff1 h5 28. Bf3 Rf6 29. exf5 {0-1 Williams,S (2225)-Leko,P (2555) Canaries ol U16 1995}) 15. h3 Nxe2+ 16. Nxe2 e5 17. Qd2 Rae8 18. Kh2 Nd8 19. fxe5 Bxe5 20. Be3 fxe4 21. Rxf8+ Rxf8 22. dxe4 Qe6 23. Qd3 Re8 24. Re1 Nf7 25. Bd2 g5 26. Nc3 Bd4 27. Nd5 Ne5 28. Qe2 Rf8 29. Rf1 Rxf1 30. Qxf1 h6 31. Qe2 Kg7 32. a4 Qf7 33. Be1 Bc8 34. b5 g4 35. h4 Nf3+ 36. Bxf3 gxf3 37. Qf1 f2 38. Bd2 Qf3 39. Nf4 Qxe4 40. Nh5+ Kg6 41. Nf4+ Kh7 42. Nd5 Bf5 43. Be3 Qf3 44. Bxd4 cxd4 45. Nf4 d3 46. c5 dxc5 47. Ng2 Qe2 0-1